000 00623nam a2200217 a 4500
999 _c9370
_d9370
001 9370
003 BD-JhCC
005 20180520130123.0
008 180313s1983 bg a|||| |||| 000 0 eng d
035 _a(BD-JhCC)9370
040 _aBD-JhCC
_dBD-JhCC
041 _aeng
082 _a315.492
_bSTA 1983
245 _a1982 Statistical Yearbook of Bangladesh /
_cBangladesh Bureau of Statistics,
260 _aDhaka :
_bBangladesh Bureau of Statistics,
_c1983.
300 _a766 p.:
_bill;
_c27 cm.
650 _aEconomic History
710 _aBangladesh Bureau of Statistics,
942 _2ddc
_cREF